Manu to Mandal / (Record no. 64896)

MARC details
000 -LEADER
fixed length control field 00528nam a22001577a 4500
005 - DATE AND TIME OF LATEST TRANSACTION
control field 20120412111020.0
020 ## - INTERNATIONAL STANDARD BOOK NUMBER
International Standard Book Number 8188322164
Terms of availability 400.00
035 ## - SYSTEM CONTROL NUMBER
System control number B-99123
037 ## - SOURCE OF ACQUISITION
Stock number DPL
Source of stock number/acquisition ENG
100 ## - MAIN ENTRY--PERSONAL NAME
Personal name Singh, N.P.
245 ## - TITLE STATEMENT
Title Manu to Mandal /
Statement of responsibility, etc by N.P. Singh
260 ## - PUBLICATION, DISTRIBUTION, ETC. (IMPRINT)
Place of publication, distribution, etc New Delhi
Name of publisher, distributor, etc Ocean Books Pvt. Ltd.
Date of publication, distribution, etc 2002
300 ## - PHYSICAL DESCRIPTION
Extent 340p.
Dimensions 20 cms.
942 ## - ADDED ENTRY ELEMENTS (KOHA)
Source of classification or shelving scheme Dewey Decimal Classification
Item type English Books
Classification part 301.0954
Call number suffix SIN
Holdings
Withdrawn status Lost status Not for loan Collection code Home library Current library Date acquired Cost, normal purchase price Full call number Barcode Cost, replacement price Koha item type
      Non-fiction Sarojini Nagar Sarojini Nagar 12/04/2012 400.00 301.0954 SIN B-99123 400.00 English Books
      Non-fiction Sarojini Nagar Sarojini Nagar 24/05/2019   301.0954 SIN B-099120   English Books

© Delhi Public Library
Hit Counter
free hit counter